Pays avec un triple A... dans leur nom - Statistiques

Statistiques générales
  • Ce quiz a été pris 2 060 fois
  • Le résultat moyen est 6 sur 13
Statistiques - réponses
Réponse % Correct
6 Canada
78%
12 Panama
59%
1 Afghanistan
58%
9 Kazakhstan
48%
8 Guatemala
47%
11 Nicaragua
47%
3 Arabie Saoudite
40%
10 Madagascar
40%
4 Azerbaïdjan
39%
5 Bahamas
35%
13 Paraguay
28%
2 Antigua et Barbuda
22%
7 Emirats Arabes Unis
19%
Aucun quiz correspondant
Distribution des résultats
% des personnes avec chaque résultat
Percentile par nombre de réponses
Votre historique - résultats
Vous n’avez pas pris ce quiz